[Event "Erbil Khanzad Cup 10th"]
[Site "Erbil"]
[Date "2018.04.21"]
[Round "7"]
[White "Al Ali, Hussein Ali Hussein"]
[Black "Taslimi, Borsa"]
[Result "1-0"]
[WhiteElo "2265"]
[BlackElo "1952"]
[PlyCount "119"]
[EventDate "2018.04.18"]
[EventType "swiss"]
[EventRounds "9"]
[EventCountry "IRQ"]
[SourceTitle "CBM 184 Extra"]
[Source "ChessBase"]
[SourceDate "2018.06.28"]
[SourceVersion "1"]
[SourceVersionDate "2018.06.28"]
[SourceQuality "1"]

1. c4 Nf6 2. Nc3 e6 3. g3 d5 4. Bg2 Be7 5. d4 dxc4 6. Qa4+ Bd7 7. Qxc4 Bc6 8. Nf3 0-0 9. 0-0 a6 10. Qd3 b5 11. a3 Nbd7 12. Bg5 h6 13. Bxf6 Nxf6 14. e4 b4 15. axb4 Bxb4 16. Ne5 Bb7 17. Rfd1 c5 18. d5 exd5 19. Nxd5 Nxd5 20. exd5 Re8 21. Qf5 Qf6 22. Qxf6 gxf6 23. Ng4 Kg7 24. Ne3 Rad8 25. Rac1 a5 26. Rc4 Bc8 27. Bf3 f5 28. Rf4 Kg6 29. h4 a4 30. Rc4 Ba6 31. Rf4 Bc8 32. Bg2 Re5 33. Bh3 h5 34. Bg2 Ba6 35. Bf3 Rd6 36. Bg2 Rd8 37. Bf1 Bxf1 38. Kxf1 f6 39. Rc4 Re4 40. Ke2 Kf7 41. Kf3 Re5 42. Rf4 Kg6 43. d6 Rd7 44. Nc4 Re6 45. Rd5 a3 46. bxa3 Bc3 47. Rfxf5 Be5 48. Rfxe5 fxe5 49. Nxe5+ Rxe5 50. Rxe5 Rxd6 51. Rxc5 Rd3+ 52. Kf4 Rxa3 53. Rc6+ Kg7 54. Re6 Kf7 55. Re3 Ra2 56. Kg5 Ra5+ 57. Kh6 Rf5 58. f4 Rd5 59. Re5 Rd8 60. Kxh5 1-0

[Event "Erbil Khanzad Cup 10th"]
[Site "Erbil"]
[Date "2018.04.20"]
[Round "5"]
[White "Aram, Abdulla Fattah"]
[Black "Taslimi, Borsa"]
[Result "0-1"]
[WhiteElo "1662"]
[BlackElo "1952"]
[PlyCount "80"]
[EventDate "2018.04.18"]
[EventType "swiss"]
[EventRounds "9"]
[EventCountry "IRQ"]
[SourceTitle "CBM 184 Extra"]
[Source "ChessBase"]
[SourceDate "2018.06.28"]
[SourceVersion "1"]
[SourceVersionDate "2018.06.28"]
[SourceQuality "1"]

1. b3 e5 2. Bb2 Nc6 3. Nf3 e4 4. Nd4 Nxd4 5. Bxd4 c5 6. Bb2 d5 7. e3 Nf6 8. h3 Bd6 9. d3 0-0 10. Nc3 d4 11. Nxe4 Nxe4 12. dxe4 dxe3 13. Qf3 exf2+ 14. Qxf2 Qa5+ 15. c3 Be5 16. Qe3 Qc7 17. Bc4 Bg3+ 18. Ke2 Re8 19. Rhf1 Be6 20. Bd3 c4 21. Bc2 Be5 22. b4 f5 23. Qc5 Qxc5 24. bxc5 fxe4 25. Bxe4 Bf6 26. Kf3 Rac8 27. Rfd1 Rxc5 28. Rd6 Be5 29. Rd2 Rf8+ 30. Ke2 Bg3 31. Rf1 Rxf1 32. Kxf1 Re5 33. Re2 Bf5 34. Bxf5 Rxf5+ 35. Kg1 Re5 36. Rxe5 Bxe5 37. Kf2 Kf7 38. Ke3 Ke6 39. Ke4 b5 40. a3 a5 0-1

[Event "Baghdad op 6th"]
[Site "Baghdad"]
[Date "2018.03.14"]
[Round "1"]
[White "Taslimi, Borsa"]
[Black "Al Ali, Hussein Ali Hussein"]
[Result "1/2-1/2"]
[WhiteElo "1837"]
[BlackElo "2272"]
[PlyCount "160"]
[EventDate "2018.03.14"]
[EventType "swiss"]
[EventRounds "9"]
[EventCountry "IRQ"]
[SourceTitle "CBM 183 Extra"]
[Source "ChessBase"]
[SourceDate "2018.04.19"]
[SourceVersion "1"]
[SourceVersionDate "2018.04.19"]
[SourceQuality "1"]

1. e4 d6 2. d4 Nf6 3. Nc3 c6 4. f4 g6 5. Nf3 Bg7 6. Bd3 b5 7. 0-0 0-0 8. e5 dxe5 9. fxe5 Nd5 10. Nxd5 Qxd5 11. Qe2 Bg4 12. c3 f5 13. Bg5 Re8 14. a4 a6 15. axb5 cxb5 16. h3 Bxf3 17. Qxf3 Qxf3 18. gxf3 Nd7 19. c4 Bxe5 20. dxe5 Nxe5 21. Be2 Nxc4 22. Bxc4+ bxc4 23. Rfc1 Rab8 24. Rxc4 Rxb2 25. Rxa6 Rd8 26. Ra1 Rd7 27. Re1 Kf7 28. Rc8 Rb6 29. Rh8 Kg7 30. Re8 h6 31. R8xe7+ Rxe7 32. Bxe7 g5 33. Bc5 Rc6 34. Bd4+ Kg6 35. Rb1 Rc2 36. Rb6+ Kh7 37. Rf6 f4 38. Re6 Rd2 39. Bc5 Kg7 40. Rd6 Rc2 41. Bd4+ Kh7 42. h4 gxh4 43. Rf6 h3 44. Rxf4 Rg2+ 45. Kh1 Kg6 46. Be3 h5 47. Rf8 Kg7 48. Ra8 Kf7 49. Ra1 Re2 50. Bg1 Kg6 51. Ra5 Rc2 52. f4 Rc4 53. Rg5+ Kf6 54. Be3 Re4 55. Rg3 h4 56. Rxh3 Kf5 57. Kg2 Kg4 58. Rf3 Rc4 59. Rf2 Rc3 60. Bd4 Rd3 61. Be5 Re3 62. Kh2 h3 63. Bd6 Rd3 64. Bf8 Rd8 65. Bg7 Rd5 66. Be5 Rc5 67. Rd2 Rc4 68. Rf2 Rc5 69. Bd4 Rd5 70. Be3 Rd3 71. Bc1 Rc3 72. Bd2 Rc5 73. Be3 Rc3 74. Bd4 Rc4 75. Be5 Re4 76. Rb2 Re3 77. Bg7 Rf3 78. Bh6 Rd3 79. Re2 Rd6 80. Bg7 Kxf4 1/2-1/2